Music Quiz

Random Music or Lyrics Quiz

Big Words In Pop Music Quiz Stats

 Plays Quiz Updated Oct 17, 2014

Challenge
Share
Tweet
Embed
Score 0/30 Timer 12:00
4 Plays Today
% Correct
constitution
68.2%
coincidence
67.6%
destination
67.6%
constellation
66.8%
disappointment
66.6%
pataphysical
66.4%
imagination
64.2%
unpredictable
61.2%
complications
60.8%
indefinitely
60.1%
information
59%
continental
58.5%
unhappiness
56.6%
confirmation
56.5%
independence
53.6%
% Correct
indescribable
53.6%
unforgettable
52.8%
communication
52%
investigation
51.8%
individually
51.4%
conservatively
51.1%
demonstration
50.6%
forgiveness
50.6%
unnecessarily
46.9%
mystifyingly
46.6%
irresistible
46.4%
corporation
41.7%
unbelievable
39.8%
unintelligible
37.3%
disillusionment
36.6%

You're not logged in!

Compare scores with friends on all Sporcle quizzes.
Join for Free
OR
Log In

You Might Also Like...

Show Comments

Extras

Top Quizzes Today


Score Distribution

Your Account Isn't Verified!

In order to create a playlist on Sporcle, you need to verify the email address you used during registration. Go to your Sporcle Settings to finish the process.

Report this User

Report this user for behavior that violates our Community Guidelines.

Details: